SARIO - Slovenská agentúra pre rozvoj investícií a obchodu, š. p. o.

Vytvorenie SARIO. Hlavné služby, ktoré SARIO poskytuje. V rámci podpory exportu je v SARIO slovenským exportérom k dispozícii celá škála služieb: Slovenské exportné informačné centrum, subdodávateľský program, medzivládne zmiešané komisie, semináre o zahraničných trhoch, medzinárodné veľtrhy a výsta...

Ausführliche Beschreibung

Gespeichert in:
Bibliographische Detailangaben
1. Verfasser: Grešš, Martin, 1978-
Format: Buchkapitel
Sprache:Slowakisch
Schlagworte:
Tags: Tag hinzufügen
Keine Tags, Fügen Sie das erste Tag hinzu!

MARC

LEADER 00000naa$a2200000$$$4500
001 0036699
005 20221104090816.9
041 0 |a slo 
044 |a SK 
245 1 0 |a SARIO - Slovenská agentúra pre rozvoj investícií a obchodu, š. p. o.  |c Martin Grešš 
520 |a Vytvorenie SARIO. Hlavné služby, ktoré SARIO poskytuje. V rámci podpory exportu je v SARIO slovenským exportérom k dispozícii celá škála služieb: Slovenské exportné informačné centrum, subdodávateľský program, medzivládne zmiešané komisie, semináre o zahraničných trhoch, medzinárodné veľtrhy a výstavy. Podpora zahraničných investícií. Činnosť SARIO v roku 2002. 
610 2 0 |a rozvoj investičný 
610 2 0 |a obchod 
610 2 0 |a agentúry 
610 2 0 |a podpora vývozu 
610 2 0 |a Slovensko 
100 1 |a Grešš, Martin, 1978-